<?xml version="1.0" encoding="UTF-8"?><?xml-stylesheet type="text/xsl" href="static/style.xsl"?><OAI-PMH xmlns="http://www.openarchives.org/OAI/2.0/" xmlns:xsi="http://www.w3.org/2001/XMLSchema-instance" xsi:schemaLocation="http://www.openarchives.org/OAI/2.0/ http://www.openarchives.org/OAI/2.0/OAI-PMH.xsd"><responseDate>2026-04-17T05:11:28Z</responseDate><request verb="GetRecord" identifier="oai:www.recercat.cat:2072/484978" metadataPrefix="marc">https://recercat.cat/oai/request</request><GetRecord><record><header><identifier>oai:recercat.cat:2072/484978</identifier><datestamp>2025-10-17T17:56:37Z</datestamp><setSpec>com_2072_98</setSpec><setSpec>col_2072_378192</setSpec></header><metadata><record xmlns="http://www.loc.gov/MARC21/slim" xmlns:dcterms="http://purl.org/dc/terms/" xmlns:xsi="http://www.w3.org/2001/XMLSchema-instance" xmlns:doc="http://www.lyncode.com/xoai" xsi:schemaLocation="http://www.loc.gov/MARC21/slim http://www.loc.gov/standards/marcxml/schema/MARC21slim.xsd">
   <leader>00925njm 22002777a 4500</leader>
   <datafield ind2=" " ind1=" " tag="042">
      <subfield code="a">dc</subfield>
   </datafield>
   <datafield ind2=" " ind1=" " tag="720">
      <subfield code="a">Olivera Begué, Elena</subfield>
      <subfield code="e">author</subfield>
   </datafield>
   <datafield ind2=" " ind1=" " tag="720">
      <subfield code="a">González Alé, Daniel</subfield>
      <subfield code="e">author</subfield>
   </datafield>
   <datafield ind2=" " ind1=" " tag="720">
      <subfield code="a">Kaal, Joeri</subfield>
      <subfield code="e">author</subfield>
   </datafield>
   <datafield ind2=" " ind1=" " tag="720">
      <subfield code="a">Camps-Arbestain, Marta</subfield>
      <subfield code="e">author</subfield>
   </datafield>
   <datafield ind2=" " ind1=" " tag="720">
      <subfield code="a">Sanchez, Antoni</subfield>
      <subfield code="e">author</subfield>
   </datafield>
   <datafield ind2=" " ind1=" " tag="260">
      <subfield code="c">2025</subfield>
   </datafield>
   <datafield ind2=" " ind1=" " tag="520">
      <subfield code="a">Altres ajuts: acords transformatius de la UAB</subfield>
   </datafield>
   <datafield ind2=" " ind1=" " tag="520">
      <subfield code="a">This full-scale trial aims to systematically examine the effect of the addition (10 % DW ratio) of wood-derived biochar produced at 700 °C on the composting of source-selected organic fraction of municipal solid waste (OFMSW) and compare it with an identical treatment without biochar addition. The study mainly focused on (i) composting process performance, including compost quality, and (ii) gaseous emissions (ammonia, methane, nitrous oxide, volatile organic compounds (VOC) and odor emissions) from the two experimental piles, in which representative areas within each pile were identified as independent regions (n = 6) for sampling, obtaining over 1300 independent gas sampling data points. During the first 50 days, biochar contributed to a more sustained thermophilic temperature compared to the control (average 47 and 38 °C, respectively). Over the 80 days of composting, biochar significantly (p &lt; 0.003) decreased methane (from 0.17 to 0.05 kg CH4 Mg-1 OFMSW) and ammonia (from 0.57 to 0.35 kg NH3 Mg-1 OFMSW) emissions. The differences in VOC emission from the two treatments were only significant (p &lt; 0.001) during the maturation phase (from day 50 onwards) with average values of 35 and 175 g C-VOC day-1, for the biochar and control treatments, respectively. Odor emissions were smaller in the presence of biochar (1.1E + 0.6 vs. 1.9E + 0.6 ou Mg-1 OFMSW). The agronomic value of the resultant biochar co-compost was similar to that of the control compost. Biochar can thus contribute to climate change mitigation, not only through CO2 removal, but also through the reduction of non-CO2 greenhouse gases emissions during composting, while also decreasing the odor impact of the plant on nearby residents.</subfield>
   </datafield>
   <datafield tag="653" ind2=" " ind1=" ">
      <subfield code="a">Biochar</subfield>
   </datafield>
   <datafield tag="653" ind2=" " ind1=" ">
      <subfield code="a">Composting</subfield>
   </datafield>
   <datafield tag="653" ind2=" " ind1=" ">
      <subfield code="a">Organic Fraction Municipal Solid Waste</subfield>
   </datafield>
   <datafield tag="653" ind2=" " ind1=" ">
      <subfield code="a">Gaseous emissions</subfield>
   </datafield>
   <datafield tag="653" ind2=" " ind1=" ">
      <subfield code="a">Greenhouse gases</subfield>
   </datafield>
   <datafield tag="653" ind2=" " ind1=" ">
      <subfield code="a">Odors</subfield>
   </datafield>
   <datafield ind2="0" ind1="0" tag="245">
      <subfield code="a">Commercial-scale co-composting of wood-derived biochar with source-selected organic fraction of municipal solid waste</subfield>
   </datafield>
</record></metadata></record></GetRecord></OAI-PMH>